=LDR 00000nam 2200000 4500 =001 INLIS000000000018751 =005 20130612113909 =008 ***********************************Ind** =035 ##$$0010-061300000018751 =041 ##$$a Ind =082 ##$$a 612.63 =090 ##$$a 612.63, Hal p =100 ##$$a HALL, Robert G =245 ##$$a Petunjuk medis bagi wanita hamil, Robert G. Hall =260 ##$$a 2002 $b Bandung =300 ##$$a 199 hlm., ilus., 21 cm =650 ##$$a HAMIL =850 ##$$a NBPNMAT =990 ##$$a 0001/BPAP-NTB/2016 =990 ##$$a 00380038 =990 ##$$a 1202000811 =990 ##$$a 0001/BPAP-NTB/2016